Szybka działania w minutę - nagła Śmierć - Statystyki

Ogólne statystyki
  • Ten quiz został rozwiązany 241 razy
  • Średni wynik to 14 z 50
Statystyki odpowiedzi
Wskazówka Odpowiedź % Poprawnych
16÷4 4
46%
40÷10 4
45%
20÷5 4
44%
16÷2 8
43%
10÷2 5
41%
16÷8 2
40%
18÷3 6
38%
81÷9 9
38%
90÷10 9
37%
6÷3 2
36%
6÷2 3
36%
25÷5 5
36%
30÷5 6
36%
8÷4 2
35%
3÷1 3
35%
5÷1 5
34%
20÷10 2
33%
24÷6 4
33%
42÷6 7
33%
56÷7 8
33%
15÷5 3
32%
32÷8 4
32%
45÷5 9
32%
36÷4 9
32%
4÷2 2
31%
12÷4 3
31%
12÷3 4
31%
4÷1 4
31%
12÷6 2
30%
9÷3 3
30%
36÷9 4
30%
15÷3 5
30%
18÷9 2
29%
14÷7 2
29%
30÷10 3
29%
30÷6 5
29%
24÷4 6
29%
70÷10 7
29%
40÷5 8
29%
32÷4 8
29%
28÷7 4
28%
42÷7 6
28%
12÷2 6
28%
72÷9 8
28%
80÷10 8
28%
18÷6 3
27%
50÷10 5
27%
6÷1 6
27%
35÷5 7
27%
7÷1 7
27%
8÷1 8
27%
10÷5 2
26%
24÷8 3
26%
21÷7 3
26%
54÷9 6
26%
36÷6 6
26%
60÷10 6
26%
72÷8 9
26%
18÷2 9
26%
20÷4 5
25%
63÷9 7
25%
64÷8 8
25%
48÷8 6
24%
56÷8 7
24%
49÷7 7
24%
27÷3 9
24%
10÷10 1
23%
27÷9 3
23%
8÷2 4
23%
48÷6 8
23%
45÷9 5
22%
40÷8 5
22%
14÷2 7
21%
2÷1 2
20%
35÷7 5
20%
21÷3 7
20%
63÷7 9
19%
54÷6 9
19%
9÷1 9
17%
24÷3 8
15%
28÷4 7
13%
Nie znaleziono quizów pasujących do podanych kryteriów
Rozkład punktacji
Procent ludzi z każdym wynikiem
Percentyl według liczby udzielonych odpowiedzi
Twoja historia wyników
Nie rozwiązałeś tego quizu